Statistiken für Wetten dass ..? - Moderatoren

Klicken Sie hier um das Quiz zu spielen!

Allgemein

  • Dieses Quiz wurde 119 mal gespielt
  • Das Durchschnittsergebnis liegt bei 5 aus 6

Antwortstatistiken

ZeitraumModerator% Korrekt
1994–2011Thomas Gottschalk
95%
1981–1987Frank Elstner
88%
2012–2014Markus Lanz
88%
Seit 2021Thomas Gottschalk
88%
1987–1992Thomas Gottschalk
61%
1992–1993Wolfgang Lippert
48%

Verteilung der Resultate

Perzentil nach korrekt beantworteten Fragen

Anzahl Personen mit jedem Resultat

Ihre Resultats-Entwicklung

Sie haben dieses Quiz noch nicht gespielt